Statistiche per Film d'animazione con maggiori incassi negli anni 2020

Clicka qui per fare il quiz!

Statistiche generali

  • Questo quiz è stato fatto 6 volte
  • Il punteggio medio è 5 su 14

Statistiche sulle risposte

Incasso ($)Anno di uscita del filmFilm% Corretto
1 362 015 5102023Super Mario Bros. - Il film
100%
256 786 7422021Encanto
80%
495 707 5462023Elemental
60%
690 516 6782023Spider-Man: Across the Spider-Verse
60%
484 790 6592022Il gatto con gli stivali 2 - L'ultimo desiderio
40%
939 628 2102022Minions 2 - Come Gru diventa cattivissimo
40%
120 957 7312020Soul
40%
141 940 0422020Onward - Oltre la magia
20%
324 471 0272022Suzume
20%
507 127 2932020Demon Slayer - Il treno Mugen
0%
215 905 8152020I Croods 2 - Una nuova era
0%
243 883 4292020Jiang Ziya
0%
408 398 8522021Sing 2
0%
279 181 2292022The First Slam Dunk
0%

Distribuzione punteggi

Percentile per numero di risposta

Percentuale di utenti per punteggio

I tuoi punteggi nel tempo

Non hai fatto questo quiz